|
|
|
|
| LEADER |
00966nam a2200253 a 4500 |
| 001 |
3956889 |
| 008 |
100104s1993 ii b 000 0 eng d |
| 010 |
|
|
|a 93906980
|
| 020 |
|
|
|a 8185613699
|
| 040 |
|
|
|a DLC
|c DLC
|d DLC
|d BD-DhAAL
|
| 082 |
0 |
0 |
|a 305.42/0954
|2 20
|
| 100 |
1 |
|
|a Agarwal, Nandita.
|
| 245 |
1 |
0 |
|a Women education and population in India /
|c Nandita Agarwal.
|
| 260 |
|
|
|a Allahabad, India :
|b Chugh Publications,
|c 1993.
|
| 300 |
|
|
|a ix, 264 p. ;
|c 23 cm.
|
| 520 |
|
|
|a In the context of Uttar Pradesh and India.
|
| 504 |
|
|
|a Includes bibliographical references (p. [253]-264).
|
| 541 |
1 |
|
|e 00006225
|
| 650 |
|
0 |
|a Birth control
|z India.
|
| 650 |
|
0 |
|a Women
|x Education
|z India.
|
| 740 |
0 |
|
|a Women education & population in India.
|
| 852 |
4 |
|
|a Ayesha Abed Library
|j General shelf
|
| 999 |
|
|
|c 7011
|d 7011
|
| 952 |
|
|
|0 0
|1 0
|2 ddc
|4 0
|6 305_420954000000000_AGA_1993
|7 0
|9 7266
|a BRACUL
|b BRACUL
|c GEN
|d 2010-01-17
|l 0
|o 305.420954 AGA
|p 3010006225
|r 2010-01-17
|t 1
|w 2010-01-17
|y BK
|